Uruguay Players Biggest Transfers - Statistics

General Stats
  • This quiz has been taken 56 times
  • The average score is 83 of 250
Answer Stats
Player From Joined % Correct
ST Darwin Nunez 22/23 Benfica Liverpool
100%
ST Darwin Nunez 20/21 Almeria Benfica
100%
ST Darwin Nunez 19/20 Penarol Almeria
100%
ST Luis Suarez 14/15 Liverpool Barcelona
100%
ST Luis Suarez 10/11 Ajax Liverpool
100%
ST Luis Suarez 20/21 Barcelona Atletico Madrid
100%
ST Luis Suarez 07/08 Groningen Ajax
100%
ST Edinson Cavani 13/14 Napoli Paris Saint-Germain
96%
ST Edinson Cavani 11/12 Palermo Napoli
96%
ST Edinson Cavani 10/11 Palermo Napoli
96%
ST Edinson Cavani 06/07 Danubio Palermo
96%
ST Diego Forlan 07/08 Villarreal Atletico Madrid
89%
ST Diego Forlan 01/02 Independiente Manchester United
89%
ST Diego Forlan 11/12 Atletico Madrid Inter Milan
89%
ST Diego Forlan 04/05 Manchester United Villarreal
89%
AM Richard Nunez 00/01 Danubio Grasshoppers
89%
CM Rodrigo Bentancur 17/18 Boca Juniors Juventus
82%
CM Rodrigo Bentancur 21/22 Juventus Tottenham Hotspur
82%
DM Lucas Torreira 18/19 Sampdoria Arsenal
80%
DM Lucas Torreira 22/23 Arsenal Galatasaray
80%
DM Lucas Torreira 15/16 Pescara Sampdoria
80%
CB Martin Caceres 08/09 Villarreal Barcelona
78%
CB Martin Caceres 12/13 Sevilla Juventus
78%
CB Martin Caceres 11/12 Barcelona Sevilla
78%
CB Sebastian Caceres 19/20 Liverpool (Montevideo) Club America
78%
CB Diego Godin 10/11 Villarreal Atletico Madrid
71%
DM Manuel Ugarte 23/24 Sporting CP Paris Saint-Germain
69%
DM Manuel Ugarte 21/22 Famalicao Sporting CP
69%
DM Manuel Ugarte 20/21 Fenix Famalicao
69%
CM Federico Valverde 16/17 Penarol Real Madrid
67%
LM Cristian Rodriguez 08/09 Paris Saint-Germain Porto
64%
LB Dario Rodriguez 02/03 Penarol Schalke
64%
CM Matias Vecino 17/18 Fiorentina Inter Milan
64%
CM Matias Vecino 12/13 Nacional Fiorentina
64%
LW Brian Rodriguez 19/20 Penarol Los Angeles
62%
LW Brian Rodriguez 22/23 Los Angeles Club America
62%
ST Federico Rodriguez 10/11 Penarol Genoa
62%
ST Federico Rodriguez 11/12 Genoa Bologna
62%
GK Fernando Muslera 11/12 Lazio Galatasaray
62%
GK Fernando Muslera 07/08 Montevideo Wanderers Lazio
62%
ST Jonathan Rodriguez 18/19 Santos Laguna Cruz Azul
62%
ST Jonathan Rodriguez 22/23 Al-Nassr Club America
62%
ST Jonathan Rodriguez 21/22 Cruz Azul Al-Nassr
62%
ST Jonathan Rodriguez 16/17 Penarol Santos Laguna
62%
AM Santiago Rodriguez 20/21 Nacional Montevideo City Torque
62%
LB Alvaro Pereira 12/13 Porto Inter Milan
58%
LB Alvaro Pereira 09/10 CFR Cluj Porto
58%
LB Alvaro Pereira 15/16 Inter Milan Estudiantes
58%
LB Alvaro Pereira 08/09 Argentinos Juniors CFR Cluj
58%
RB Maximiliano Pereira 07/08 Defensor Benfica
58%
RW Cristian Olivera 23/24 Almeria Los Angeles
56%
RW Cristian Olivera 20/21 Rentistas Almeria
56%
ST Juan Manuel Olivera 06/07 Cruz Azul Suwon Bluewings
56%
ST Juan Manuel Olivera 10/11 Universidad de Chile Al-Shabab
56%
LB Mathias Olivera 22/23 Getafe Napoli
56%
LB Maximiliano Olivera 17/18 Penarol Fiorentina
56%
SS Nicolas Olivera 99/00 Valencia Sevilla
56%
CM Ruben Olivera 03/04 Danubio Juventus
56%
LB Diego Laxalt 18/19 Genoa Milan
53%
LB Diego Laxalt 16/17 Inter Milan Genoa
53%
LB Diego Laxalt 21/22 Milan Dynamo Moscow
53%
LB Diego Laxalt 13/14 Defensor Inter Milan
53%
CB Diego Lugano 06/07 Sao Paulo Fenerbahce
51%
CB Diego Lugano 11/12 Fenerbahce Paris Saint-Germain
51%
AM Giorgian de Arrascaeta 18/19 Cruzeiro Flamengo
47%
AM Giorgian de Arrascaeta 14/15 Defensor Cruzeiro
47%
LW Maximiliano Araujo 22/23 Puebla Toluca
47%
LW Maximiliano Araujo 19/20 Montevideo Wanderers Puebla
47%
CM Nahitan Nandez 19/20 Boca Juniors Cagliari
47%
CM Nahitan Nandez 17/18 Penarol Boca Juniors
47%
CB Ronald Araujo 18/19 Boston River Barcelona
47%
ST Abel Hernandez 14/15 Palermo Hull City
44%
ST Abel Hernandez 08/09 Penarol Palermo
44%
LW Diego Hernandez 22/23 Montevideo Wanderers Botafogo
42%
RW Facundo Pellistri 20/21 Penarol Manchester United
42%
LB Lucas Hernandez 19/20 Penarol Atletico Mineiro
42%
ST Maxi Gomez 19/20 Celta Vigo Valencia
42%
ST Maxi Gomez 17/18 Defensor Celta Vigo
42%
ST Maxi Gomez 22/23 Valencia Trabzonspor
42%
CB Sebastian Coates 11/12 Nacional Liverpool
42%
CB Sebastian Coates 16/17 Sunderland Sporting CP
42%
CB Sebastian Coates 15/16 Liverpool Sunderland
42%
AM Gaston Ramirez 12/13 Bologna Southampton
40%
AM Gaston Ramirez 17/18 Middlesbrough Sampdoria
40%
AM Gaston Ramirez 10/11 Penarol Bologna
40%
LB Matias Vina 21/22 Palmeiras Roma
40%
LB Matias Vina 19/20 Nacional Palmeiras
40%
ST Cristhian Stuani 15/16 Espanyol Middlesbrough
38%
ST Cristhian Stuani 12/13 Reggina Espanyol
38%
ST Cristhian Stuani 17/18 Middlesbrough Girona
38%
CB Alejandro Gonzalez 13/14 Penarol Hellas Verona
36%
CB Facundo Gonzalez 23/24 Valencia Juventus
36%
ST Sebastian Abreu 97/98 San Lorenzo Deportivo La Coruna
36%
SS Alvaro Recoba 97/98 Nacional Inter Milan
33%
DM Emiliano Martinez 22/23 RB Bragantino Midtjylland
31%
DM Emiliano Martinez 21/22 Nacional RB Bragantino
31%
LW Federico Martinez 21/22 Liverpool (Montevideo) Leon
31%
ST Gabriel Fernandez 18/19 Penarol Celta Vigo
31%
ST Gabriel Fernandez 23/24 Celta Vigo UNAM Pumas
31%
RB Guillermo Varela 13/14 Penarol Manchester United
31%
RW Jorge Martinez 10/11 Catania Juventus
31%
AM Leonardo Fernandez 21/22 Tigres UANL Toluca
31%
CM Nicolas de la Cruz 17/18 Liverpool (Montevideo) River Plate
31%
SS Sebastian Fernandez 10/11 Banfield Malaga
31%
ST Sergio Martinez 97/98 Boca Juniors Deportivo La Coruna
31%
ST Agustin Alvarez 22/23 Penarol Sassuolo
29%
ST Dario Silva 03/04 Malaga Sevilla
29%
DM Egidio Arevalo Rios 12/13 Tijuana Palermo
29%
DM Egidio Arevalo Rios 11/12 Botafogo Tijuana
29%
CB Gaston Alvarez 23/24 Boston River Getafe
29%
RW Ignacio Lores Varela 11/12 Defensor Palermo
29%
ST Nicolas Lopez 16/17 Udinese Internacional
29%
ST Nicolas Lopez 19/20 Internacional Tigres UANL
29%
ST Nicolas Lopez 23/24 Tigres UANL Leon
29%
ST Nicolas Lopez 13/14 Roma Udinese
29%
DM Pablo Garcia 05/06 Osasuna Real Madrid
29%
ST Renzo Lopez 22/23 Central Cordoba Al-Batin
29%
ST Renzo Lopez 22/23 Plaza Colonia Central Cordoba
29%
ST Santiago Garcia 11/12 Nacional Athletico Paranaense
29%
DM Walter Gargano 07/08 Danubio Napoli
29%
RM Alejandro Silva 18/19 Montreal Impact Olimpia
27%
RB Bruno Silva 07/08 Groningen Ajax
27%
LW Diego Rossi 22/23 Los Angeles Fenerbahce
27%
LW Diego Rossi 23/24 Fenerbahce Columbus Crew
27%
LW Diego Rossi 17/18 Penarol Los Angeles
27%
AM Gaston Pereiro 15/16 Nacional PSV
27%
AM Gaston Pereiro 19/20 PSV Cagliari
27%
CB Gaston Silva 14/15 Defensor Torino
27%
LW Gonzalo Bueno 13/14 Nacional Kuban Krasnodar
27%
LB Joaquin Piquerez 21/22 Penarol Palmeiras
27%
LB Marcelo Saracchi 18/19 River Plate RB Leipzig
27%
LB Marcelo Saracchi 17/18 Danubio River Plate
27%
AM Nicolas Lodeiro 16/17 Boca Juniors Seattle Sounders
27%
AM Nicolas Lodeiro 14/15 Corinthians Boca Juniors
27%
AM Nicolas Lodeiro 09/10 Nacional Ajax
27%
CB Santiago Bueno 23/24 Girona Wolverhampton Wanderers
27%
RW Facundo Torres 21/22 Penarol Orlando City
24%
AM Gustavo Poyet 01/02 Chelsea Tottenham Hotspur
24%
ST Ruben Sosa 92/93 Lazio Inter Milan
24%
DM Fabricio Diaz 23/24 Liverpool (Montevideo) Al-Gharafa
22%
CM Rodrigo Zalazar 23/24 Schalke Braga
22%
RW Agustin Canobbio 21/22 Penarol Athletico Paranaense
20%
CB Bruno Mendez 18/19 Montevideo Wanderers Corinthians
20%
ST Marcelo Zalayeta 97/98 Penarol Juventus
20%
CM Mauro Arambarri 15/16 Defensor Bordeaux
20%
CM Mauro Arambarri 18/19 Boston River Getafe
20%
ST Federico Vinas 23/24 Club America Leon
18%
GK Franco Israel 18/19 Nacional Juventus
18%
DM Gonzalo de los Santos 01/02 Malaga Valencia
18%
DM Gonzalo de los Santos 98/99 Merida Malaga
18%
LB Lucas Olaza 18/19 Talleres Boca Juniors
18%
LB Lucas Olaza 23/24 Real Valladolid Krasnodar
18%
LB Lucas Olaza 21/22 Boca Juniors Real Vallolid
18%
ST Michael Santos 16/17 River Plate (Montevideo) Malaga
18%
ST Michael Santos 23/24 Talleres Juarez
18%
ST Michael Santos 19/20 Malaga Kobenhavn
18%
GK Fabian Carini 04/05 Juventus Inter Milan
16%
GK Fabian Carini 00/01 Danubio Juventus
16%
GK Fabian Carini 04/05 Standard Liege Juventus
16%
GK Fabian Carini 02/03 Juventus Standard Liege
16%
CM Fernando Gorriaran 22/23 Santos Laguna Tigres UANL
16%
CM Fernando Gorriaran 19/20 Ferencvaros Santos Laguna
16%
CB Leandro Cabrera 19/20 Getafe Espanyol
16%
ST Walter Pandiani 05/06 Deportivo La Coruna Birmingham City
16%
CB Alexis Rolin 12/13 Nacional Catania
13%
ST Diego Alonso 00/01 Gimnasia Juventus
13%
CB Erick Cabaco 19/20 Levante Getafe
13%
CM Felipe Carballo 22/23 Nacional Gremio
13%
CM Felipe Carballo 17/18 Nacional Sevilla
13%
GK Gustavo Munua 03/04 Nacional Deportivo La Coruna
13%
ST Ivan Alonso 08/09 Real Murcia Espanyol
13%
ST Javier Chevanton 04/05 Lecce Monaco
13%
ST Javier Chevanton 06/07 Monaco Sevilla
13%
ST Javier Chevanton 01/02 Danubio Lecce
13%
ST Martin Satriano 19/20 Nacional Inter Milan
13%
ST Matias Arezo 21/22 River Plate Granada
13%
ST Rodrigo Mora 13/14 Benfica River Plate
13%
CB Santiago Mourino 23/24 Racing Club (Montevideo) Atletico Madrid
13%
CB Sebastian Boselli 23/24 Defensor River Plate
13%
CM Sebastian Cristoforo 17/18 Sevilla Fiorentina
13%
CM Sebastian Cristoforo 13/14 Penarol Sevilla
13%
CB Agustin Rogel 19/20 Krylya Sovetov Toulouse
11%
CB Alan Matturro 22/23 Defensor Genoa
11%
SS Antonio Pacheco 00/01 Penarol Inter Milan
11%
LW Brian Lozano 15/16 Defensor Club America
11%
CM Carlos de Pena 15/16 Nacional Middlesbrough
11%
AM David Terans 23/24 Athletico Paranaense Pachuca
11%
ST Diego Rolan 18/19 Bordeaux Deportivo La Coruna
11%
ST Diego Rolan 12/13 Defensor Bordeaux
11%
LM Facundo Waller 22/23 San Luis Puebla
11%
LM Facundo Waller 22/23 Plaza Colonia San Luis
11%
CB Gary Kagelmacher 11/12 Beerschot Monaco
11%
CB Gonzalo Sorondo 01/02 Defensor Inter Milan
11%
ST Juan Gutierrez 20/21 Danubio Almeria
11%
CM Marcelo Romero 01/02 Penarol Malaga
11%
ST Nicolas Siri 21/22 Danubio Montevideo City Torque
11%
ST Thiago Borbas 22/23 River Plate (Montevideo) RB Bragantino
11%
ST Andres Ferrari 23/24 Defensor Villarreal
9%
DM Andres Fleurquin 99/00 Defensor Sturm Graz
9%
DM Carlos Benavidez 18/19 Defensor Independiente
9%
RB Carlos Diogo 05/06 River Plate Real Madrid
9%
RB Carlos Diogo 07/08 Real Madrid Real Zaragoza
9%
DM Christian Oliva 19/20 Nacional Cagliari
9%
ST Daniel Fonseca 97/98 Roma Juventus
9%
DM Diego Arismendi 09/10 Nacional Stoke City
9%
ST Emiliano Alfaro 11/12 Liverpool (Montevideo) Lazio
9%
DM Gaston Brugman 19/20 Pescara Parma
9%
DM Gaston Brugman 22/23 Parma LA Galaxy
9%
RB Gaston Martirena 23/24 Liverpool (Montevideo) Racing Club
9%
DM Gianni Guigou 00/01 Nacional Roma
9%
RW Jonathan Urretaviscaya 17/18 Pachuca Monterrey
9%
ST Martin Cauteruccio 16/17 San Lorenzo Cruz Azul
9%
CB Miguel Britos 11/12 Bologna Napoli
9%
CB Miguel Britos 08/09 Montevideo Wanderers Bologna
9%
CB Nicolas Marichal 22/23 Nacional Dynamo Moscow
9%
CB Alejandro Lembo 03/04 Nacional Real Betis
7%
CM Carlos Grossmuller 07/08 Danubio Schalke
7%
LW Chory Castro 07/08 Nacional Mallorca
7%
ST Federico Magallanes 98/99 Atalanta Real Madrid
7%
ST Federico Magallanes 96/97 Penarol Atalanta
7%
CB Federico Ricca 19/20 Malaga Club Brugge
7%
CB Federico Ricca 15/16 Danubio Malaga
7%
ST Felipe Avenatti 19/20 Bologna Standard Liege
7%
ST Felipe Avenatti 18/19 Luqueno Bologna
7%
ST Felipe Avenatti 13/14 River Plate (Montevideo) Ternana
7%
CM Francisco Ginella 19/20 Montevideo Wanderers Los Angeles
7%
ST Jonatan Alvez 17/18 Barcelona (Guayaquil) Junior
7%
AM Robert Flores 08/09 River Plate (Montevideo) Villarreal
7%
DM Andres Schetino 15/16 Fenix Fiorentina
4%
RW Christian Tabo 21/22 Puebla Cruz Azul
4%
CB Edgar Elizalde 17/18 Montevideo Wanderers Pescara
4%
DM Facundo Piriz 12/13 Nacional Terek Grozny
4%
ST Gonzalo Vargas 06/07 Gimnasia Monaco
4%
LW Jaime Baez 15/16 Juventud Fiorentina
4%
ST Joaquin Boghossian 10/11 Cerro RB Salzburg
4%
CM Luis Aguiar 09/10 Braga Dynamo Moscow
4%
ST Marcelo Otero 99/00 Vicenza Sevilla
4%
AM Pablo Ceppelini 10/11 Penarol Cagliari
4%
ST Richard Porta 07/08 River Plate (Montevideo) Siena
4%
ST Rodrigo Aguirre 22/23 LDU Quito Monterrey
4%
ST Rodrigo Aguirre 14/15 Liverpool (Montevideo) Udinese
4%
ST Sebastian Taborda 05/06 Defensor Deportivo La Coruna
4%
RW Tabare Viudez 08/09 Defensor Milan
4%
AM Cesar Falletti 17/18 Luqueno Bologna
2%
LM Ignacio Rivero 21/22 Tijuana Cruz Azul
2%
AM Juan Albin 11/12 Getafe Espanyol
2%
DM Nicolas Acevedo 19/20 Liverpool (Montevideo) New York City
2%
ST Octavio Rivero 18/19 Colo-Colo Atlas
2%
ST Octavio Rivero 14/15 O'Higgins Vancouver Whitecaps
2%
ST Octavio Rivero 19/20 Atlas Santos Laguna
2%
No matching quizzes found
Score Distribution
Percent of People with Each Score
Percentile by Number Answered
Your Score History
You have not taken this quiz